000 00899nam a22002777a 4500
003 CHAP
005 20220329134708.0
008 971013s r 00010 d
010 _a24343
011 _a25315
035 _a29415
040 _cCHAP
082 _a634
_bI4 1968-69
110 _aInstitut Francais de Recherches Fruitieres Outre Mer. Paris
_958999
245 _aRapport annuel 1968-1969
260 _aParis :
_bInstitut Francais de Recherches Fruitieres Outre Mer.,
_c(s.a.)
300 _a199 p
590 _aBATCH-UPD
_b10
_c20130110
_lUCH01
_h1907
590 _aBATCH-UPD
_b10
_c20130410
_lUCH01
_h1235
590 _aBATCH-UPD
_b10
_c20130914
_lUCH01
_h1447
590 _aCONVERSION
_b10
_c20130109
_lUCH01
_h1314
650 1 4 _aFruticultura
_xInvestigación.
_943728
901 _aBK
942 _cLIBRO
949 _a634 I4 1968-69
_bBC
_cLIBRO
_d33724000220281
_eLIBRO
_h16251
_i29415
_mD
_si
999 _c24343
_d24343